[Event "Fagernes GM Swiss 2020"]
[Site "Fagernes"]
[Date "2020.10.10"]
[Round "8.2"]
[White "Haug, Johannes"]
[Black "Urkedal, Frode Olav Olsen"]
[Result "1/2-1/2"]
[WhiteElo "2481"]
[BlackElo "2549"]
[Annotator "TA"]
[PlyCount "82"]
[EventDate "2020.10.04"]
[EventType "swiss"]
[EventCountry "NOR"]
[SourceTitle "playchess.com"]
[Source "ChessBase"]
[SourceQuality "1"]

{[%evp 16,82,19,18,9,6,3,0,12,9,12,16,22,18,24,13,18,20,12,10,23,0,0,0,9,8,7,0,5,0,0,0,0,-3,0,0,0,0,0,-7,-3,-7,0,0,0,-3,0,0,0,0,0,-8,0,0,0,0,0,0,0,0,0,0,0,0,0,0,0,0,0]} 1. e4 e5 2. Nf3 Nc6 3. Bb5 Nf6 4. O-O Nxe4 5. Re1 Nd6 6. Nxe5 Be7 7. Bf1 Nxe5 8. Rxe5 O-O 9. d4 Ne8 {C67: Ruy Lopez: Berlin Defence: 4 0-0 Nxe4.} 10. Re1 d5 11. Bf4 Bd6 12. Be5 {[#]} Nf6 $146 ({Predecessor:} 12... c6 13. c3 Bxe5 14. Rxe5 Nd6 15. Bd3 g6 16. Nd2 f6 17. Re3 Bf5 18. Nb3 b6 19. Bxf5 Nxf5 20. Re2 Qd7 {½-½ (20) Carlsen,M (2870)-Nakamura,H (2741) Kolkata 2019}) 13. Nd2 Bf5 14. c3 Ng4 15. Qf3 Qd7 16. Bxd6 Qxd6 {[%csl Gg4][%cal Rd6h2] [#]} 17. g3 Qd7 18. Bd3 Bxd3 {The position is equal.} 19. Qxd3 Rfe8 20. Nf1 h5 21. f3 Nh6 22. Kf2 Nf5 23. Rxe8+ Rxe8 24. Re1 Rxe1 25. Kxe1 Nd6 26. Ne3 c6 27. Kd2 Qh3 28. Qe2 Qe6 29. b3 a5 30. Ke1 g6 31. Kf2 Nb5 32. Qd2 Qh3 33. Kg1 h4 34. a4 Nd6 35. Qf2 hxg3 36. hxg3 Nf5 37. Nf1 Qh6 38. g4 Ng7 39. Qh2 Qxh2+ 40. Nxh2 Ne6 41. Kf2 Kf8 {An uneventful encounter. Accuracy: White = 100%, Black = 100%.} 1/2-1/2

[Event "Fagernes GM Swiss 2020"]
[Site "Fagernes"]
[Date "2020.10.10"]
[Round "8.3"]
[White "Agdestein, Simen"]
[Black "Ranaldi, Lucas"]
[Result "1-0"]
[WhiteElo "2552"]
[BlackElo "2334"]
[Annotator "TA"]
[PlyCount "101"]
[EventDate "2020.10.04"]
[EventType "swiss"]
[EventCountry "NOR"]
[SourceTitle "playchess.com"]
[Source "ChessBase"]
[SourceQuality "1"]

{[%evp 14,101,0,0,0,0,14,6,25,0,0,-14,-9,-31,-20,-7,-14,-41,-34,-14,-12,-18,-19,-12,0,0,0,0,0,0,0,0,0,0,0,0,143,143,143,143,143,145,135,131,124,118,146,143,146,135,260,264,266,262,263,235,262,244,247,233,229,223,406,405,400,375,804,795,1082,852,2245,1740,2105,2021,1854,1670,5329,5588,29974,29976,29975,29976,29973,29976,29981,29982,29982,29983,29986,29987]} 1. d4 Nf6 2. c4 e6 3. Nc3 Bb4 4. a3 Bxc3+ 5. bxc3 c5 6. e3 Nc6 7. Bd3 b6 8. e4 {is the legacy move (8.Ne2).} cxd4 {E26: Nimzo-Indian: Sämisch: 5...c5 6 e3.} 9. cxd4 e5 {[#]} ({Much weaker is} 9... Nxd4 $6 10. e5 $16) 10. d5 $146 ({Predecessor:} 10. Ne2 d6 11. f3 O-O 12. Bg5 h6 13. Bh4 Ba6 14. O-O g5 15. Bf2 Nh5 16. Qa4 {½-½ (52) Moskalenko,V (2528)-Berg,E (2610) Salou 2009}) 10... Na5 $1 {The position is equal.} 11. Nf3 d6 12. O-O Bg4 13. c5 bxc5 14. Qa4+ Bd7 15. Bb5 {[#] And now Rb1 would win.} Rb8 16. Bxd7+ Nxd7 17. Bd2 $1 {[%cal Rd2a5]} Nb3 18. Rab1 Nxd2 19. Nxd2 Ke7 $1 20. Qxa7 Ra8 21. Qb7 $36 {[%mdl 2048] White has the initiative.} Qa5 22. Nc4 Qa6 23. Qxa6 Rxa6 24. f3 Rb8 {White stays focused until the end.} (24... Ra4 $11 25. Rfc1 Rb8 26. Rxb8 Nxb8) 25. Rxb8 $16 Nxb8 {[%mdl 4096] Endgame KRN-KRN} 26. Rb1 Nd7 27. Rb7 Kd8 28. a4 $1 {[%cal Ba3a4,Ba4a5][%mdl 32]} Kc8 29. Rb1 Kc7 30. a5 Ra8 31. Kf2 Rb8 (31... Ra6 $16 32. g4 Ra8) 32. Rxb8 $18 Nxb8 {KN-KN} 33. h4 Na6 34. Ke3 Kd7 35. Kd3 Nc7 36. Nb6+ Kd8 37. Kc4 Ke7 $2 {[#]} (37... f6 38. h5 Ke7) 38. Na4 Kd7 39. Nxc5+ dxc5 $2 (39... Kc8 40. Nb3 Kd7) 40. Kxc5 {KN-KP} f6 41. Kb6 Kc8 42. d6 Ne6 43. a6 Kb8 44. d7 h5 45. Kc6 g5 46. Kd6 {White mates.} Nd8 47. Ke7 Nc6+ 48. Ke8 g4 49. d8=Q+ Nxd8 50. Kxd8 f5 51. exf5 {Accuracy: White = 97%, Black = 56%.} 1-0

[Event "Fagernes GM Swiss 2020"]
[Site "Fagernes"]
[Date "2020.10.10"]
[Round "8.4"]
[White "Starostits, Ilmars"]
[Black "Ingebretsen, Jens E"]
[Result "1/2-1/2"]
[WhiteElo "2464"]
[BlackElo "2220"]
[Annotator "TA"]
[PlyCount "35"]
[EventDate "2020.10.04"]
[EventType "swiss"]
[EventCountry "NOR"]
[SourceTitle "playchess.com"]
[Source "ChessBase"]
[SourceQuality "1"]

{[%evp 16,17,6,-2]} 1. d4 Nf6 2. Nf3 e6 3. e3 b6 4. Bd3 Bb7 5. O-O d5 6. Nbd2 Bd6 7. b3 O-O 8. Bb2 c5 9. Ne5 {[#]} {Predecessor:} Nc6 $146 {D05: Colle System with ...e6.} 10. a3 Ne7 11. f4 Ne4 12. Bxe4 dxe4 13. Ndc4 Bxe5 14. fxe5 cxd4 15. Nd6 Ba6 16. Rf4 d3 17. Rxe4 dxc2 18. Qxc2 {½-½ (38) Forcen Esteban,D (2549)-Granda Zuniga,J (2688) La Roda 2016} 1/2-1/2

[Event "Fagernes GM Swiss 2020"]
[Site "Fagernes"]
[Date "2020.10.10"]
[Round "8.5"]
[White "Abdrlauf, Elham"]
[Black "Elsness, Frode"]
[Result "0-1"]
[WhiteElo "2362"]
[BlackElo "2454"]
[Annotator "TA"]
[PlyCount "80"]
[EventDate "2020.10.04"]
[EventType "swiss"]
[EventCountry "NOR"]
[SourceTitle "playchess.com"]
[Source "ChessBase"]
[SourceQuality "1"]

{[%evp 12,80,-5,5,0,6,11,4,-2,-22,-22,-26,-19,-8,-9,-39,-5,-11,-14,-20,-19,-35,-51,-42,-40,-88,-77,-108,-114,-155,-158,-163,-135,-177,-152,-165,-152,-164,-146,-212,-173,-189,-188,-194,-153,-169,-163,-165,-165,-152,-166,-218,-183,-220,-120,-122,-32,-25,-32,-25,-16,-137,-137,-29984,-186,-29985,-29986,-29994,-29995,-29998,-29997]} 1. e4 e5 2. Nc3 Nf6 3. Bc4 Nc6 4. d3 Bc5 5. f4 d6 6. Nf3 exf4 7. Bxf4 O-O {C28: Vienna Game: 2...Nf6 3 Bc4 Nc6.} 8. Qd2 Be6 9. Bb3 {[#]} a5 $146 {The position is equal.} ({Predecessor:} 9... Nd4 10. Ne2 Nxe2 11. Qxe2 d5 12. e5 Nd7 13. d4 Be7 14. c3 f6 15. exf6 Bxf6 16. Qxe6+ {1-0 (33) Germer,M (2130)-Damrau,B Eppingen 2004}) 10. Bg5 h6 11. Bh4 Nd4 12. Nxd4 Bxd4 13. Bf2 Bxf2+ 14. Qxf2 Bxb3 15. axb3 d5 16. O-O dxe4 17. dxe4 c6 18. Qf5 Re8 19. Kh1 {and if e5 works, White does fine.} Qc7 20. Rf3 Re5 21. Qf4 Qe7 22. Raf1 Rf8 23. Qd2 Rd8 (23... Nxe4 24. Nxe4 Rxe4 25. Qxa5 $15) 24. Qf2 b5 {[%cal Bb7b5,Bb5b4][%mdl 32]} 25. Qb6 (25. Rf5 $17) 25... b4 26. Ne2 Nxe4 ({Much less strong is} 26... Rxe4 27. Ng3 $15) 27. Nd4 Qg5 28. Rxf7 {aiming for Nf3.} Nd2 $1 29. Nf3 Nxf3 30. R7xf3 {[#]} Rd2 $1 {[%csl Gd2][%cal Rg5g2][%mdl 512]} 31. Rg3 (31. Rf8+ {is a better defense.} Kh7 32. Qxc6) 31... Rf5 $40 {[%mdl 128] Black attacks with force.} 32. Re1 Qf6 ({Black should play} 32... Qf4 $19 33. Rf3 (33. Qa6 $2 Qf2 $19) 33... Qg5) 33. h3 $17 {[#]} Rf1+ ({Don't play} 33... Rxc2 $6 34. Re8+ Kh7 35. Qb8 $11) (33... Kh7 $1 $17 34. Qe3 Rxc2) 34. Rxf1 $15 Qxf1+ {[%mdl 4096] Endgame KQR-KQR} 35. Kh2 Rd1 {[%csl Gd1][%cal Rf1h1]} 36. Qb8+ (36. Rd3 $11 {keeps the balance.} Qh1+ 37. Kg3 Qe1+ 38. Kh2 Rxd3 39. Qb8+ Kh7 40. cxd3) 36... Kh7 $17 {[%csl Gd1][%cal Rf1h1] [#]} 37. Rf3 $2 {[%mdl 8192] Loses the game.} (37. Rd3 $1 $17 {[%mdl 512]}) 37... Qg1+ 38. Kg3 {[#]} Rd2 $1 {[%csl LRc2,LRg2][%mdl 576] Double Attack. Black mates.} 39. Kh4 Qxg2 {[%csl Gh6][%cal Rg2g5]} 40. Qe5 Qxf3 {Accuracy: White = 59%, Black = 79%.} 0-1

[Event "Fagernes GM Swiss 2020"]
[Site "Fagernes"]
[Date "2020.10.10"]
[Round "8.6"]
[White "Kaasen, Tor Fredrik"]
[Black "Dahl, Trygve"]
[Result "1/2-1/2"]
[WhiteElo "2386"]
[BlackElo "2211"]
[Annotator "TA"]
[PlyCount "102"]
[EventDate "2020.10.04"]
[EventType "swiss"]
[EventCountry "NOR"]
[SourceTitle "playchess.com"]
[Source "ChessBase"]
[SourceQuality "1"]

{[%evp 19,102,62,62,48,84,47,39,8,54,40,76,53,68,62,39,0,0,0,0,0,21,17,37,3,0,7,6,0,8,-16,0,-43,-29,-114,-65,-72,-63,-95,-83,-74,-69,-84,-85,-37,0,0,0,0,0,0,0,-93,0,0,0,0,0,0,0,0,0,-79,-79,-84,-44,-38,0,0,0,0,0,0,0,0,0,-28,0,0,0,0,0,0,0,0,0]} 1. e4 c5 2. Nf3 e6 3. d4 cxd4 4. Nxd4 a6 5. Bd3 Nf6 6. O-O Qc7 7. Qe2 d6 8. c4 Nbd7 9. Nc3 Be7 10. f4 b6 11. Kh1 {B42: Sicilian: Kan Variation: 5 Bd3.} h5 {[#]} 12. f5 $146 ({Predecessor:} 12. Bd2 g6 13. f5 Ne5 14. Bg5 Nfg4 15. Bxe7 Qxe7 16. Bc2 Bd7 17. Nf3 Rc8 18. Nxe5 Nxe5 {1-0 (39) Shirov,A (2739)-Gwaze,R (2429) Khanty-Mansiysk 2007}) 12... Ne5 13. Nf3 {White is slightly better.} Nfg4 14. Bf4 Bf6 15. Rac1 Bb7 16. fxe6 fxe6 17. Bc2 O-O 18. Nxe5 Bxe5 19. Bxe5 dxe5 20. h3 Nf6 21. Bb3 Qc6 22. Ba4 Qc5 23. Bc2 Rad8 24. Rcd1 Rd4 25. Rxd4 exd4 26. Nd1 (26. Na4 $11 Qg5 27. Nxb6) 26... h4 27. e5 {[#]} Nh5 $1 {[%mdl 512] ( -> ...Ng3+!)} 28. Bh7+ $1 {[%mdl 64] Decoy} (28. Qxh5 Rxf1+) 28... Kxh7 29. Qxh5+ Kg8 30. Rxf8+ Qxf8 31. Kg1 Qf4 (31... Qf5 $5 {[%cal Rf5h5]} 32. Qxh4 Qxe5 $15) 32. Qe8+ Kh7 33. Qh5+ Qh6 34. Qg4 d3 $36 {[%mdl 2048] Black has good play.} 35. Nf2 (35. Qd4 $11) 35... d2 (35... Kg8 $17) 36. Kf1 $1 $11 Bc6 {White must now prevent ...Qe3.} (36... Qe3 $5 37. Qh5+ $8 Kg8 38. Qe8+ Kh7 39. Qh5+ Qh6 $11) 37. Ke2 $1 Be8 38. Qd4 Bh5+ 39. Ng4 Qg5 40. Qe4+ {[#]} (40. a3 $11) 40... Qf5 $1 $17 {[%cal Rf5e4]} 41. Qd4 Qc2 42. Qxd2 Bxg4+ 43. hxg4 $15 {[%mdl 4096] Endgame KQ-KQ} Qe4+ 44. Kf2 Qxg4 45. Qd3+ Kh6 46. Qe3+ g5 47. b3 Qd1 48. Qxb6 {The position is equal.} Qd2+ 49. Kf1 Qd1+ 50. Kf2 Qd2+ 51. Kf1 Qd1+ {Accuracy: White = 69%, Black = 72%.} 1/2-1/2

[Event "Fagernes GM Swiss 2020"]
[Site "Fagernes"]
[Date "2020.10.10"]
[Round "8.7"]
[White "Hobber, Anders"]
[Black "Unneland, Mathias"]
[Result "1/2-1/2"]
[WhiteElo "2386"]
[BlackElo "2149"]
[Annotator "TA"]
[PlyCount "87"]
[EventDate "2020.10.04"]
[EventType "swiss"]
[EventCountry "NOR"]
[SourceTitle "playchess.com"]
[Source "ChessBase"]
[SourceQuality "1"]

{[%evp 11,87,1,0,1,0,1,5,4,-2,2,29,20,14,14,15,18,36,13,33,25,39,20,43,-7,27,0,0,0,-4,-17,0,0,-3,-6,-8,-12,-8,-14,-10,-26,-28,-14,-14,-75,-85,-87,-87,-81,-51,-65,-22,-89,-98,-102,-38,-64,-90,-72,-56,-71,-64,-72,-70,-63,-45,-44,-35,-47,0,0,0,0,0,0,0,0,0,0]} 1. d4 Nf6 2. Nf3 e6 3. Bf4 c5 4. e3 Nc6 5. Nbd2 d5 6. c3 Nh5 7. Bg5 {D02: 1 d4 d5 2 Nf3 sidelines, including 2...Nf6 3 g3 and 2...Nf6 3 Bf4.} f6 8. Bh4 g6 9. Bd3 Be7 10. O-O O-O 11. dxc5 Bxc5 12. c4 {[#]} dxc4 $146 ({Predecessor:} 12... Bb6 13. cxd5 exd5 14. Rc1 Bg4 15. Nb3 Rc8 16. Be2 Ng7 17. a3 Nf5 18. Bg3 Re8 {½-½ (25) Vinchev,S (2507)-Girard,E (2442) ICCF email 2017}) 13. Bxc4 Qb6 14. Nb3 Be7 15. Nfd4 Rd8 16. Qc2 Nxd4 17. exd4 (17. Nxd4 {is more complex.} Kh8 18. f4 Ng7 19. Rad1 Bd7 20. g4) 17... Ng7 18. Bg3 Bd7 19. Qe2 Rac8 20. Rfd1 Be8 21. d5 {[%cal Rd5e6]} Bf7 {next ...e5 is good for Black.} 22. dxe6 Bxe6 23. Bxe6+ Nxe6 24. Rxd8+ Rxd8 25. Rc1 Kf7 26. h3 a5 27. Rc4 (27. Re1 $11) 27... Qb5 $17 28. Nc1 Qd5 29. Kh2 Nd4 30. Qd3 Nf5 31. Qb3 (31. Rc3 $11) 31... h5 32. h4 Nh6 ({Better is} 32... b5 $17 33. Rc2 Qxb3 34. Nxb3 a4) 33. f3 Nf5 34. Rc7 Nxg3 35. Kxg3 Qxb3 36. Nxb3 {[%mdl 4096] Endgame [#] KRB-KRN} b6 $1 37. Rc2 a4 38. Nd2 Rd4 39. Ne4 Bd6+ 40. Nxd6+ {The position is equal.} Rxd6 41. Rc4 Rd2 42. Rb4 {[#]} a3 $1 {[%mdl 512]} 43. bxa3 Rxa2 44. Rxb6 {Accuracy: White = 81%, Black = 81%.} 1/2-1/2

[Event "Fagernes GM Swiss 2020"]
[Site "Fagernes"]
[Date "2020.10.10"]
[Round "8.8"]
[White "Notkevich, Benjamin Arvola"]
[Black "Carlsson, Ludvig"]
[Result "1-0"]
[WhiteElo "2482"]
[BlackElo "2281"]
[Annotator "TA"]
[PlyCount "59"]
[EventDate "2020.10.04"]
[EventType "swiss"]
[EventCountry "NOR"]
[SourceTitle "playchess.com"]
[Source "ChessBase"]
[SourceQuality "1"]

{[%evp 20,59,23,21,30,33,31,-57,85,40,62,64,60,47,119,118,123,95,154,111,107,112,154,125,206,167,244,254,479,472,621,622,933,939,908,898,29996,29993,29993,29988,29994,29995]} 1. e4 e5 2. Nf3 Nc6 3. Bb5 a6 4. Ba4 Nf6 5. O-O Be7 6. Re1 b5 7. Bb3 O-O 8. d4 Nxd4 9. Bxf7+ Rxf7 10. Nxe5 Rf8 11. Qxd4 Bb7 {C88: Closed Ruy Lopez: Anti-Marshall Systems.} 12. Nc3 c5 13. Qd3 (13. Qd1 $1 $14) 13... b4 (13... Qc7 $1 $15 14. Nf3 c4) 14. Nd5 Nxd5 15. exd5 {Black must now prevent d6.} Bd6 {[#]} 16. g3 $146 {[%mdl 2048] White has the initiative.} ({Predecessor:} 16. f4 Bxe5 17. fxe5 Qh4 18. Be3 c4 19. Qd2 Rf5 20. Bf2 c3 21. bxc3 bxc3 22. Qe2 {½-½ (63) Uran Bermudez,O (2113)-Semprun Martinez,F (2201) Caleta 2013}) 16... Qc7 {[#]} (16... Bxe5 $14 17. Rxe5 Re8) 17. Nc4 $1 $16 Rf7 18. Be3 Raf8 ({Better is} 18... a5) 19. Rad1 Rf5 20. Qe4 h6 21. b3 Kh8 (21... a5 $16 22. f4 Ba6) 22. Re2 Qb8 (22... a5 $142 23. Bc1 Ba6) 23. Bc1 $18 R5f7 $2 (23... a5 {was necessary.} 24. Bb2 (24. Nxa5 Ba6 $18) 24... Ba6) 24. Bb2 Kg8 25. Rde1 Bc7 26. Qg6 Bxd5 27. Re7 Ba8 28. Qxg7+ {White mates.} Rxg7 29. Rxg7+ Kh8 {[#]} 30. Ree7 $1 {[%mdl 512] Accuracy: White = 65%, Black = 22%.} 1-0

[Event "Fagernes GM Swiss 2020"]
[Site "Fagernes"]
[Date "2020.10.10"]
[Round "8.9"]
[White "Haldorsen, Benjamin"]
[Black "Oye-Stromberg, Alexander"]
[Result "1-0"]
[WhiteElo "2469"]
[BlackElo "2048"]
[Annotator "TA"]
[PlyCount "93"]
[EventDate "2020.10.04"]
[EventType "swiss"]
[EventCountry "NOR"]
[SourceTitle "playchess.com"]
[Source "ChessBase"]
[SourceQuality "1"]

{[%evp 13,93,14,15,0,17,0,2,0,15,8,36,0,-3,0,14,0,0,0,0,0,68,55,68,58,127,125,136,139,260,73,74,34,58,-43,31,0,0,-284,-256,-296,-300,-272,-237,-232,-144,-126,-113,-170,-92,-85,-84,-90,-77,-70,-22,-40,0,-28,0,0,36,45,39,40,42,48,57,58,1268,1154,29988,29989,29989,29990,29990,29991,29991,29992,29992,29993,29993,29994]} 1. e4 e6 2. d4 d5 3. Nc3 Bb4 4. e5 c5 5. a3 Bxc3+ 6. bxc3 Qa5 7. Bd2 Qa4 8. Rb1 {C18: French: 3 Nc3 Bb4: Main line: 7 h4 and 7 Qg4.} c4 9. Ne2 {[#]} Nc6 $146 ({Predecessor:} 9... Qxa3 10. g4 Nc6 11. Ng3 f6 12. f4 fxe5 13. fxe5 Nh6 14. g5 Nf5 15. Nxf5 exf5 {1-0 (54) Paravyan,D (2634)-Short,N (2646) Moscow 2018}) 10. g4 {The position is equal.} f6 11. f4 fxe5 12. dxe5 Qxa3 13. Bg2 Qc5 14. Ng3 Nge7 15. Qe2 O-O 16. Be3 d4 (16... Qa5 $11 17. Qd2 Qd8) 17. Ne4 $14 Qa5 18. Bd2 Qa2 (18... Nd5 $14) 19. O-O $16 Qxc2 20. Qxc4 b5 (20... dxc3 $16 21. Rfc1 (21. Qxc3 Qxc3 22. Nxc3 b6 $11) (21. Bxc3 Nd5 $16) 21... Qxb1 22. Rxb1 cxd2) 21. Qc5 $2 (21. Qxb5 Rb8 $17) (21. Rxb5 $18 {and the rest is easy. Hoping for Rc1.} dxc3 22. Rc1 (22. Qxc3 Qxc3 23. Bxc3 Ba6 $17 {[%mdl 64] Skewer}) (22. Bxc3 Ba6 $16) 22... cxd2 23. Qxc2 (23. Rxc2 $2 d1=Q+ {[%mdl 64] Double Attack} 24. Bf1 Nd4 $19) 23... dxc1=Q+ 24. Qxc1) 21... Rb8 22. Rfc1 (22. Rxb5 $6 Ba6 $15) 22... Qd3 23. cxd4 (23. Rd1 $1 $14) 23... Qxd4+ (23... Bb7 $15 24. Qc3 (24. Qxb5 Qxb5 25. Rxb5 Nxd4 $17) 24... Qxd4+ 25. Be3 Qxc3 26. Nxc3 b4) 24. Qxd4 Nxd4 25. Nd6 $2 {[%mdl 8192]} (25. Kf2 $11 {and White is okay.} Ndc6 26. Kg3) 25... Ne2+ $19 {[%mdl 64] Double Attack} 26. Kf2 Nxc1 (26... Nxf4 27. Bxf4 Rxf4+ 28. Ke3 $11) 27. Bxc1 b4 28. Be3 Nd5 29. Bxd5 exd5 30. Kg3 {[#]} (30. f5 $17 {is a better defense.}) 30... g6 (30... h5 $1 $19 31. h3 (31. gxh5 Be6) 31... a5) 31. Bxa7 $17 Ra8 32. Bc5 Ra3+ 33. Kh4 Be6 34. Rxb4 Rf3 (34... Rc3 $5 {[%cal Rc3c5]} 35. Nb7 Ra8 $15) 35. Kg5 h6+ (35... R3xf4 $5 36. Rxf4 h6+ 37. Kxh6 Rxf4 $15) 36. Kxh6 {Black must now prevent Kg5.} R8xf4 37. Rb8+ Rf8 38. Rb7 {Strongly threatening h4.} Rh3+ 39. Kg5 {And now Re7 would win.} Rxh2 40. Re7 $1 {[%cal Re7e6] [#]} Bc8 $2 {[%mdl 8192] Black cannot hold the game after this.} (40... Bxg4 $1 $14 {[%mdl 512]} 41. Ne8 (41. Kxg4 Rg2+ 42. Kh3 Rc2 $11) 41... Rf5+ 42. Kxg6 {[#]} (42. Kxg4 Rc2 $11) 42... d4 $1 {[%mdl 512]}) 41. e6 $18 Re2 42. Nf7 {White mates.} Re4 43. Nh6+ Kh8 44. Kxg6 {[%csl Gg6][%cal Re7h7]} Rg8+ 45. Nxg8 Rxg4+ 46. Kh5 Bxe6 47. Nf6 {Accuracy: White = 72%, Black = 43%.} 1-0

[Event "Fagernes GM Swiss 2020"]
[Site "Fagernes"]
[Date "2020.10.10"]
[Round "8.10"]
[White "Nilsen, Tobias Lang"]
[Black "Vitenberg, Noam Aviv"]
[Result "1/2-1/2"]
[WhiteElo "2146"]
[BlackElo "2298"]
[Annotator "TA"]
[PlyCount "159"]
[EventDate "2020.10.04"]
[EventType "swiss"]
[EventCountry "NOR"]
[SourceTitle "playchess.com"]
[Source "ChessBase"]
[SourceQuality "1"]

{[%evp 10,159,36,17,27,13,57,37,57,10,29,19,24,5,19,10,20,9,49,38,50,47,60,4,58,32,112,110,140,129,134,118,150,160,152,121,150,133,177,125,220,213,226,229,214,72,64,71,160,0,0,0,0,0,0,-6,0,0,0,-2,0,0,0,0,0,0,0,0,0,0,0,0,0,-5,-5,-12,0,0,0,-12,0,-10,-6,-10,0,0,0,-10,0,-12,0,-10,-6,-6,-5,-10,-8,-12,0,0,0,0,0,0,0,0,0,0,0,0,0,0,0,0,0,0,0,0,0,0,0,0,0,0,0,0,0,0,0,0,0,0,0,0,0,0,0,0,0,0,0,0,0,0,0,0,0,0,0,0,0,0]} 1. e4 c6 2. Nc3 d5 3. Nf3 g6 4. d4 Bg7 5. h3 Nf6 6. Bd3 c5 {B15: Caro-Kann: 3 Nc3: 3...g6 and 3...dxe4 4 Nxe4 Nf6 5 Nxf6+ exf6.} 7. exd5 {[#]} cxd4 $146 ({Predecessor:} 7... Nxd5 8. Nxd5 Qxd5 9. dxc5 O-O 10. O-O Nd7 11. c3 Nxc5 12. Bc2 Be6 13. Ng5 Rad8 14. Nxe6 Qxe6 {½-½ (189) Brattain,M (2402)-Korley,K (2420) Charlotte 2018}) 8. Bb5+ Bd7 {White is slightly better.} 9. Bxd7+ Nbxd7 10. Qxd4 O-O 11. O-O Nb6 {[%cal Rf6d5]} 12. d6 $36 {[%mdl 2048] White fights for an advantage.} exd6 13. Qd3 Rc8 14. Nb5 Nfd5 15. Nxa7 Rc5 16. a4 (16. Nb5 $14) 16... Qd7 (16... Nb4 $11 17. Qb3 Nxc2) 17. Nb5 Ra8 (17... Nxa4 $14 18. Nbd4 (18. Rxa4 Qxb5 19. Qxb5 Rxb5 $14) 18... Nab6) 18. Nfd4 $16 Rxa4 19. Rxa4 Nxa4 {[#]} 20. c4 $1 {[%cal Rc4d5]} Nf6 21. b3 Nb6 {intending ...d5.} 22. Ba3 Nc8 23. Rd1 Rh5 24. Ne2 ({White should play} 24. f4 $18) 24... d5 (24... Re5 $16 {is a better defense.} 25. Nxd6 Nxd6) 25. Nf4 $18 Rf5 26. Nxd5 Nxd5 27. cxd5 (27. g4 $18 {and the rest is easy.} Re5 28. f4 (28. cxd5 Nb6 $16)) 27... Nb6 $16 {[%cal Rf5d5]} 28. Nc3 Qc7 ({Better is} 28... Bxc3 29. Qxc3 Rxd5) 29. d6 $2 (29. g4 $16 Re5 30. Bb4) 29... Qxc3 $11 {The position is equal.} 30. d7 Nxd7 $1 31. Qxd7 {[#] White threatens Qe8+ and mate.} h5 32. Qd3 ({Reject} 32. Qxb7 Qc2 $17) 32... Qe5 33. Bd6 Qb2 34. Rd2 Qc1+ 35. Rd1 Qb2 36. Rd2 Qc1+ 37. Rd1 $1 {[%cal Rd1c1]} Qc6 38. Bg3 Kh7 39. Qc4 Qf6 40. Rd5 Qe6 41. Rxf5 Qxf5 42. Qb4 Qd5 43. Qc4 Qf5 44. Qb4 Qd7 45. Qc4 Kg8 46. Qb4 Qd1+ 47. Kh2 Qd7 48. Kg1 Bf8 49. Qc4 Qf5 50. Qc3 Bc5 51. Qe1 Kh7 52. Qd1 Qe4 53. Qc1 Bd4 54. Qf4 Qd5 55. Qd6 Qe4 {aiming for ...h4.} 56. Qf4 Qd5 57. Qd6 Qxd6 58. Bxd6 {[%mdl 4096] Endgame KB-KB} Kg7 59. Kf1 Kf6 60. Ke2 Ke6 61. Bg3 Kd5 62. Kd3 Ba7 63. f3 Bg1 64. Bb8 Kc5 65. Kc3 Bd4+ 66. Kd3 {Black must now prevent Ba7+.} Bg7 67. Bf4 Kb4 68. Kc2 Kc5 69. Kd3 Kb5 70. Bd2 Kc5 71. Bf4 Kd5 72. Bg3 Be5 73. Be1 Bd6 74. Bc3 Be5 75. Be1 f5 76. Bd2 Bf6 77. Bf4 Be5 78. Bd2 Bg3 79. Bc3 Be5 {Hoping for ...Bxc3.} 80. Bd2 {Black escapes into a draw. Accuracy: White = 88%, Black = 81%.} 1/2-1/2

[Event "Fagernes GM Swiss 2020"]
[Site "Fagernes"]
[Date "2020.10.10"]
[Round "8.11"]
[White "Mansoor, Afras"]
[Black "Miezis, Normunds"]
[Result "0-1"]
[WhiteElo "2117"]
[BlackElo "2485"]
[Annotator "TA"]
[PlyCount "99"]
[EventDate "2020.10.04"]
[EventType "swiss"]
[EventCountry "NOR"]
[SourceTitle "playchess.com"]
[Source "ChessBase"]
[SourceQuality "1"]

{[%evp 10,99,1,8,18,11,13,7,16,3,11,9,50,27,50,42,90,83,80,89,83,68,76,79,75,63,66,77,109,88,109,22,16,15,53,18,49,46,45,-34,-37,-49,-35,-41,-42,-55,-39,-453,-445,-448,-454,-461,-443,-454,-453,-444,-421,-439,-432,-862,-854,-1192,-1149,-883,-295,-591,-589,-961,-979,-1265,-1229,-1325,-1273,-1351,-953,-29958,-11889,-5691,-5441,-1727,-1507,-1382,-1382,-1206,-1197,-1000,-938,-894,-752,-1841,-1797,-1299]} 1. c4 c5 2. Nc3 Nc6 3. Nf3 g6 4. g3 Bg7 5. Bg2 d6 6. a3 e5 {A37: Symmetrical English vs ...g6: 4 Bg2 Bg7 5 Nf3.} 7. Rb1 a5 8. d3 Nge7 {The position is equal.} 9. O-O Rb8 10. Ne1 {[#]} h5 $146 ({Predecessor:} 10... Be6 11. e4 O-O 12. Nc2 f5 13. exf5 Bxf5 14. Bg5 h6 15. Bxe7 Nxe7 16. b4 axb4 17. axb4 {1-0 (56) Tomilova,E (2313)-Maisuradze,N (2210) Belgrade 2018}) 11. h4 Bg4 12. Nc2 Qd7 13. b4 axb4 14. axb4 O-O 15. Kh2 b6 16. b5 Nd4 17. Ne3 Be6 18. Ned5 Kh8 19. Ra1 Bg4 20. Re1 (20. Nxe7 $16 Qxe7 21. Ra6) 20... Nxd5 $11 21. Nxd5 f5 $1 22. Bb2 f4 {next ...Nxe2 is good for Black.} 23. Bxd4 $1 cxd4 24. Ra6 ({Better is} 24. Rf1 $14) 24... fxg3+ $15 25. fxg3 {[#] Rf1 is the strong threat.} Rf2 {Hoping for ...Bh3.} 26. Nxb6 Qb7 {[%csl Gf2][%cal Rb7g2]} 27. Nd5 {Black must now prevent Rb6.} Rbf8 $1 28. Qd2 $2 {[%mdl 8192] This move loses the game for White.} (28. Kg1 $1 $15) 28... Qf7 $19 ({But not} 28... Bf3 29. Rg1 $19) 29. Rg1 Rxe2 30. Qg5 Bf3 {[#] And now ...Bxg2 would win.} 31. Raa1 Kh7 {Strongly threatening ...Bxd5.} 32. b6 Bxd5 33. cxd5 {White wants to play Ra7.} Bh6 34. Rgf1 (34. Ra7 $142 Bxg5 35. hxg5 Qxa7 36. bxa7) 34... Bxg5 ({Weaker is} 34... Rxg2+ 35. Kxg2 Qxd5+ 36. Kh2 $11) 35. Rxf7+ Rxf7 36. hxg5 {[%mdl 4096] Endgame KRR-KRB} Rb2 $2 (36... Rff2 37. Rg1 Rb2) 37. Kg1 $2 (37. Kh3) 37... Rxb6 38. Be4 Rb2 39. Rc1 Kg7 40. Ra1 Rfb7 41. Ra6 R2b6 42. Ra8 Rb1+ 43. Kg2 {Black is clearly winning.} R7b2+ 44. Kh3 Rf1 {( -> ...Rff2)} 45. g4 hxg4+ 46. Kxg4 Rg1+ 47. Kh3 Rxg5 48. Rd8 Rb6 49. Kh2 Rg4 50. Bf3 {Accuracy: White = 54%, Black = 88%.} 0-1